[Event "TCh-FRA Top 16 Gp B"]
[Site "Gonfreville FRA"]
[Date "2008.03.23"]
[Round "2"]
[White "Van Heirzeele,D"]
[Black "Bergez,L"]
[Result "1/2-1/2"]
[WhiteElo "2244"]
[BlackElo "2370"]

1.d4 d5 2.c4 e6 3.Nf3 Nf6 4.g3 Be7 5.Bg2 O-O 6.O-O dxc4 7.Qc2 a6 8.a4 Bd7
9.Qxc4 Bc6 10.Bg5 Bd5 11.Qd3 c5 12.dxc5 Nbd7 13.Nc3 Nxc5 14.Qe3 Rc8 15.Rfd1 Qa5
16.Nxd5 Nxd5 17.Rxd5 exd5 18.Qxe7 Qb6 19.Be3 Qxb2 20.Bd4 Qb4 21.Bh3 Rc6 22.Qg5 Rg6
23.Qxd5 Nxa4 24.Rc1 Qe7 25.Be5 Nb6 26.Qb3 Na8 27.Bf5 Rb6 28.Qe3 f6  1/2-1/2

[Event "SCT Ladies Open"]
[Site "Stockholm SWE"]
[Date "2008.03.23"]
[Round "6"]
[White "Vojinovic,J"]
[Black "Batsiashvili,N"]
[Result "0-1"]
[WhiteElo "2207"]
[BlackElo "2317"]

1.d4 d5 2.Nf3 Nf6 3.c4 e6 4.g3 Be7 5.Bg2 O-O 6.O-O dxc4 7.Qc2 a6 8.a4 Bd7
9.Qxc4 Bc6 10.Qd3 Be4 11.Qd1 c5 12.Nbd2 Bd5 13.dxc5 Bxc5 14.Qc2 Nbd7 15.e4 Rc8
16.Qb1 Bc6 17.h3 Qb6 18.a5 Qb4 19.Ne1 Ne5 20.Nc2 Qb5 21.b4 Ba7 22.Bb2 Rfd8
23.Bxe5 Qxe5 24.Nc4 Qxg3 25.Ra3 Qh4 26.N4e3 Bxe4 27.Bxe4 Nxe4 28.Kg2 Nd2  0-1

[Event "TCh-HUN 2007-8"]
[Site "Budapest HUN"]
[Date "2008.03.30"]
[Round "9"]
[White "Pap,G"]
[Black "Torok,S"]
[Result "1-0"]
[WhiteElo "2427"]
[BlackElo "2280"]

1.Nf3 Nf6 2.c4 e6 3.g3 d5 4.d4 Be7 5.Bg2 O-O 6.O-O c6 7.Qc2 Nbd7 8.Nbd2 Qa5
9.e4 Rd8 10.e5 Ne8 11.a3 Qc7 12.Rd1 a5 13.Nf1 b5 14.c5 g6 15.h4 Ng7 16.Bg5 f6
17.exf6 Bxf6 18.Bxf6 Nxf6 19.Ne5 Nd7 20.Re1 Rb8 21.b3 b4 22.a4 Rf8 23.Nh2 Nxe5
24.Rxe5 Rf5 25.Ng4 Rxe5 26.Nxe5 Bd7 27.Re1 Rf8 28.Bh3 Be8 29.Qd3 Qe7 30.f4 Nh5
31.Kh2 Ng7 32.Qa6 Qc7 33.Qb6 Qe7 34.Nxc6 Bxc6 35.Qxc6 Re8 36.Qb5 Qf6 37.Re5 Re7
38.Qxa5 Nh5 39.Qxb4 Nxf4 40.gxf4 Qxf4+ 41.Kg2 Rf7 42.Qe1 Qf3+ 43.Kh2 Qf4+
44.Kh1 Kg7 45.Rxe6 Qxd4 46.Qe5+  1-0

[Event "3rd Open"]
[Site "Kolkata IND"]
[Date "2008.03.31"]
[Round "8"]
[White "Safin,S"]
[Black "Murali Krishnan,B"]
[Result "1-0"]
[WhiteElo "2493"]
[BlackElo "2363"]

1.Nf3 d5 2.c4 e6 3.d4 Nf6 4.g3 Be7 5.Bg2 O-O 6.O-O b6 7.cxd5 exd5 8.Nc3 Bb7
9.Ne5 c6 10.Qa4 Nfd7 11.Nd3 Na6 12.Bf4 Nc7 13.Bxc7 Qxc7 14.Rac1 Qd6 15.e4 b5
16.Qc2 b4 17.e5 Qg6 18.Na4 Ba6 19.Rfd1 Rfd8 20.Nac5 Bb5 21.Bh3 Nxc5 22.Nxc5 Qh5
23.Bg2 a5 24.Re1 Bc4 25.Na4 Rdb8 26.b3 Bb5 27.Nc5 a4 28.e6 Bxc5 29.Qxc5 fxe6
30.Rxe6 axb3 31.axb3 Qf5 32.Re5 Qd3 33.Qxb4 Bc4 34.Qc5 Bxb3 35.Re3 Qb5 36.Qd6 Bc4
37.Re7 Bd3 38.Qe5  1-0

[Event "IX Dos Hermanas Internet"]
[Site "ICC INT"]
[Date "2008.04.04"]
[Round "1.5"]
[White "Melkumyan,H"]
[Black "Bachmann,Ax"]
[Result "1-0"]
[WhiteElo "2534"]
[BlackElo "2519"]

1.d4 e6 2.c4 Nf6 3.Nf3 d5 4.g3 Be7 5.Bg2 O-O 6.O-O Nc6 7.Nc3 dxc4 8.e3 a6
9.Qe2 b5 10.Rd1 Nd5 11.a4 b4 12.Na2 Na5 13.Ne5 c3 14.bxc3 bxc3 15.e4 Nb6
16.Nxc3 Bb7 17.Rb1 Bd6 18.Bf4 Qe7 19.Nd3 Rfd8 20.h4 Bxf4 21.Nxf4 e5 22.Nfd5 Nxd5
23.Nxd5 Qd6 24.Qe1 Bxd5 25.Qxa5 Ba2 26.Rbc1 exd4 27.e5 Qe6 28.Bxa8 Rxa8 29.Qxc7 h6
30.Rxd4 Re8 31.Rd8 Rxd8 32.Qxd8+ Kh7 33.Qd3+ g6 34.Qd6 Qg4 35.Qf6 Be6 36.Qf4 Qe2
37.Rc7 Qd1+ 38.Kh2 Qd5 39.Re7 Qd8 40.Qf6 Kg8 41.Rxe6  1-0

[Event "TCh-ISR"]
[Site "Israel ISR"]
[Date "2008.04.04"]
[Round "6"]
[White "Botvinnik,M ISR"]
[Black "Ganor,D"]
[Result "1/2-1/2"]
[WhiteElo "2298"]
[BlackElo "2378"]

1.d4 Nf6 2.c4 e6 3.g3 d5 4.Nf3 Be7 5.Bg2 O-O 6.Qc2 dxc4 7.Qxc4 a6 8.O-O b5
9.Qc2 Bb7 10.Bd2 Nbd7 11.Ba5 Be4 12.Qc1 Rc8 13.Nbd2 Ba8 14.e3 Bd6 15.b4 Qe7
16.a3 Ne4 17.Nb3 Qf6 18.Nfd2 Nxd2 19.Qxd2 Bxg2 20.Kxg2 e5 21.Rac1 exd4 22.exd4 Qf5
23.Qe3 Nb6 24.Bxb6 cxb6 25.Nd2 Rfe8 26.Qf3 Qxf3+ 27.Kxf3 a5 28.Ne4 Bf8 29.Nc3 axb4
30.axb4 Bxb4 31.Nxb5 Kf8 32.Rxc8 Rxc8 33.Rb1 Ba5 34.Rb2 Ke7 35.Ke4 Ke6 36.g4 Rc1
37.d5+ Kd7 38.f4 Rc4+ 39.Kf5 Bb4 40.Ra2 Ba5 41.Rb2 Bb4 42.g5 g6+ 43.Ke5 Bf8
44.f5 gxf5 45.Kxf5 Rc5 46.Ke4 Bg7 47.Rb4 Rc2 48.Ra4 Re2+ 49.Kf3 Re7 50.Ra7+ Kd8
51.Ra8+ Kd7 52.Rb8 Be5 53.Rb7+ Kd8 54.Rxb6 Bxh2 55.Rh6 Be5 56.Rxh7 Rb7 57.Ke4 f5+
58.Kxe5 Rxh7 59.g6 Rh1 60.g7 Rg1 61.Kf6 Kd7 62.Nd4 Rxg7 63.Kxg7 Kd6 64.Nxf5+ Kxd5  1/2-1/2

[Event "TCh-RUS Major League"]
[Site "Dagomys RUS"]
[Date "2008.04.07"]
[Round "5"]
[White "Zontakh,A"]
[Black "Pigusov,E"]
[Result "1-0"]
[WhiteElo "2573"]
[BlackElo "2554"]

1.d4 d5 2.c4 e6 3.Nf3 Nf6 4.g3 Be7 5.Bg2 O-O 6.O-O b6 7.cxd5 exd5 8.Nc3 Bb7
9.Qc2 Na6 10.Rd1 Re8 11.a3 c5 12.dxc5 Nxc5 13.Nd4 Ne6 14.Nf5 Bf8 15.Be3 Qd7
16.Rd2 Rac8 17.Qd1 Red8 18.Bd4 Nxd4 19.Nxd4 Ne4 20.Nxe4 dxe4 21.e3 g6 22.Qb3 Bd5
23.Qb5 Qb7 24.Rad1 Rc5 25.Qe2 Rdc8 26.Qg4 h5 27.Qf4 a6 28.Ne2 Bc6 29.Bh3 Re8
30.Rd7 Bxd7 31.Rxd7 Qxd7 32.Bxd7 Rd8 33.Ba4 Bg7 34.Bb3 Rf5 35.Qxe4 Rd2 36.Nf4 Rxb2
37.Qe8+  1-0

[Event "Gausdal Classics GMB"]
[Site "Gausdal NOR"]
[Date "2008.04.08"]
[Round "1"]
[White "Arun Prasad,S"]
[Black "Kovachev,D"]
[Result "1/2-1/2"]
[WhiteElo "2465"]
[BlackElo "2189"]

1.d4 Nf6 2.c4 e6 3.Nf3 d5 4.g3 Be7 5.Bg2 O-O 6.O-O dxc4 7.Qc2 a6 8.Qxc4 b5
9.Qc2 Bb7 10.Bd2 Be4 11.Qc1 Qc8 12.b4 Nc6 13.Qb2 Nd5 14.Nc3 Bxf3 15.Bxf3 Nxd4
16.Bg2 Bf6 17.Rfe1 Nc6 18.Rac1 Rd8 19.Qb3 Nce7 20.Ne4 Be5 21.Nc5 c6 22.Bg5 Ra7
23.Bh3 Kh8 24.Nd3 Bd4 25.e3 Bf6 26.Bxf6 Nxf6 27.Bg2 Kg8 28.Re2 a5 29.Rec2 Nfd5
30.bxa5 Rxa5 31.e4 Nf6 32.Nb4 Qa8 33.e5 Nfd5 34.Nxc6 Nxc6 35.Rxc6 Rxa2 36.Rd6 Rb8
37.Bxd5 exd5 38.Rc7 Qa5 39.Qc3 Qxc3 40.Rxc3 b4 41.Rc7 g6 42.e6 fxe6  1/2-1/2

[Event "Gausdal Classics GMB"]
[Site "Gausdal NOR"]
[Date "2008.04.09"]
[Round "2"]
[White "Roussel Roozmon,T"]
[Black "Unander,M"]
[Result "1/2-1/2"]
[WhiteElo "2489"]
[BlackElo "2132"]

1.Nf3 Nf6 2.c4 e6 3.g3 d5 4.d4 Be7 5.Bg2 O-O 6.O-O c6 7.Qc2 b6 8.Nbd2 Bb7
9.Rd1 Nbd7 10.e4 c5 11.exd5 exd5 12.dxc5 Bxc5 13.Nb3 Qc8 14.cxd5 Bxd5 15.Nxc5 Nxc5
16.Be3 Ne6 17.Qxc8 Raxc8 18.b3 Rfd8 19.Rac1 Kf8 20.Nd4 Nxd4 21.Rxd4 Bxg2
22.Kxg2 Ke7 23.Ra4 Rxc1 24.Rxa7+ Ke6 25.Bxc1 Nd5 26.Bb2 g5 27.Ra4 f5 28.Rd4 g4
29.Kf1 b5 30.a3 h5 31.Ke2 Rc8 32.Rd2 Nc3+ 33.Bxc3 Rxc3 34.Rd3 Rc2+ 35.Ke3 Ke5
36.Rd2 Rc3+ 37.Rd3 Rc2 38.b4 Rc1 39.f4+ Ke6 40.Rd2 Rc3+ 41.Kd4 Rc4+ 42.Kd3 Rc1
43.Re2+ Kf6 44.Kd4 h4 45.gxh4 Rc4+ 46.Kd5 Rxf4 47.Kc5 Rf3 48.Kxb5 Rxa3 49.Kc6 Rc3+
50.Kd6 Rd3+ 51.Kc6 Rc3+ 52.Kd6 Rd3+  1/2-1/2

[Event "Gausdal Classics GMB"]
[Site "Gausdal NOR"]
[Date "2008.04.11"]
[Round "4"]
[White "Naslund,M"]
[Black "Vovk,Ok"]
[Result "1-0"]
[WhiteElo "2228"]
[BlackElo "2166"]

1.d4 Nf6 2.c4 e6 3.g3 d5 4.Bg2 Be7 5.Nf3 O-O 6.O-O Nbd7 7.Qc2 c6 8.Nbd2 b6
9.b3 c5 10.e4 Bb7 11.exd5 exd5 12.dxc5 Nxc5 13.Bb2 dxc4 14.Nxc4 Be4 15.Qc3 Nd3
16.Rad1 Bb4 17.Rxd3 Bxd3 18.Qxb4 Bxf1 19.Bxf1 Qd5 20.Kg2 Qe6 21.Ne3 Rad8
22.Qh4 Qc6 23.Nf5 Nd5 24.Bc4 Qg6 25.Bxd5 Qxf5 26.Be4  1-0

[Event "TCh-FRA Top 16 Gp B"]
[Site "Montpellier FRA"]
[Date "2008.04.11"]
[Round "5"]
[White "Guidarelli,L"]
[Black "Vallin,G"]
[Result "1/2-1/2"]
[WhiteElo "2448"]
[BlackElo "2409"]

1.Nf3 e6 2.c4 Nf6 3.g3 d5 4.d4 Be7 5.Bg2 O-O 6.O-O dxc4 7.Qc2 a6 8.Qxc4 b5
9.Qc2 Bb7 10.Bd2 Be4 11.Qc1 Bb7 12.Qc2 Be4 13.Qc1 Bb7 14.a3 Nbd7 15.Ba5 Bd6
16.Nbd2 Rc8 17.e3 Qe7 18.b4 e5 19.dxe5 Nxe5 20.Nxe5 Bxg2 21.Nc6 Bxc6 22.Qxc6 Ra8
23.Rac1 Ra7 24.Nf3 Ng4 25.Rfd1 Qf6 26.Rc2 h5 27.Kg2 Rb8 28.Rd4 g6 29.Re4 Kg7
30.h3 Nh6 31.Nd4 Nf5 32.Qc3 Nxd4 33.Qxd4 Qxd4 34.Rxd4 Kf6 35.f4 Ke6 36.e4 f6
37.Kf3 Rf8 38.Rd1 g5 39.Rd5 h4 40.gxh4 gxf4 41.Rg2 Rh8 42.h5 c6 43.Rf5 Rah7
44.Rg6 Be5 45.Kg4 Rd7 46.h6 Rd3  1/2-1/2

[Event "TCh-FRA Top 16 Gp A"]
[Site "Noyon FRA"]
[Date "2008.04.11"]
[Round "5"]
[White "Paci,C"]
[Black "Fernandez,Laur"]
[Result "1/2-1/2"]
[WhiteElo "2301"]
[BlackElo "2025"]

1.Nf3 d5 2.c4 e6 3.g3 Nf6 4.Bg2 Be7 5.d4 O-O 6.O-O dxc4 7.Qc2 a6 8.a4 Bd7
9.Qxc4 Bc6 10.Bg5 h6 11.Bxf6 Bxf6 12.Nc3 Bxf3 13.Bxf3 c6 14.Rfd1 Nd7 15.a5 Rc8
16.Qb3 Qc7 17.e4 c5 18.d5 c4 19.Qb4 Qc5 20.Qxb7 Ne5 21.Be2 Rb8 22.Qxa6 Nd3
23.Bxd3 Rxb2 24.Ne2 cxd3 25.Rdc1 Qb4 26.Qxd3 Rd2 27.Rab1 Qxa5 28.Qe3 Qa2
29.Kf1 exd5 30.e5 d4 31.Nxd4 Bg5 32.f4 Rxh2 33.Qf3 Be7 34.Ne2 Qe6 35.Kg1 Qh3
36.Rb3 Rd8 37.Rbc3 Bb4 38.Rc8 Rxc8 39.Rxc8+ Qxc8 40.Kxh2 Qc2 41.Kh3 Qd2 42.f5 Qg5
43.e6 Qf6 44.Qe4 Bd6 45.Nf4 fxe6 46.fxe6 Be7 47.Kg2 Qb2+ 48.Kf3 Qf6 49.Kg2 Qb2+
50.Kh3 Qf6 51.Qa8+ Kh7 52.Qe4+ Kg8 53.Qa8+ Kh7 54.Qd5 Kg8 55.Qa8+ Kh7 56.Qe4+  1/2-1/2

[Event "FSGM April"]
[Site "Budapest HUN"]
[Date "2008.04.12"]
[Round "8"]
[White "Brunello,S"]
[Black "Sammalvuo,T"]
[Result "1/2-1/2"]
[WhiteElo "2475"]
[BlackElo "2458"]

1.d4 d5 2.c4 e6 3.Nf3 Nf6 4.g3 Be7 5.Bg2 O-O 6.O-O dxc4 7.Qc2 a6 8.Qxc4 b5
9.Qc2 Bb7 10.Bd2 Be4 11.Qc1 Bb7 12.Qc2 Be4 13.Qc1 Bb7 14.Bf4 Nd5 15.Nc3 Nxf4
16.Qxf4 Qd6 17.Ne5 Bxg2 18.Kxg2 c5 19.dxc5 Qxc5 20.Rfd1 Ra7 21.Rac1 Qb6 22.Ne4 f6
23.Nf3 e5 24.Qd2 Rd7 25.Qc2 Rxd1 26.Rxd1 Qe6 27.Qc7 Rc8 28.Qb7 Kf8 29.e3 Qc6
30.Qxc6 Rxc6 31.Nc3 Kf7 32.Nd2 Rd6 33.Kf3 Nd7 34.g4 g6 35.Ke2 Nc5 36.b4 Nd7
37.a4 bxa4 38.Nxa4 Rc6 39.Ne4 Ke6 40.f4 Bxb4 41.Kf3 exf4 42.exf4 Rc2 43.Rb1 a5
44.Nb2 f5 45.gxf5+ gxf5 46.Ng5+ Kd5 47.Nxh7 Rxh2 48.Ng5 Nc5 49.Nd1 Nd3 50.Ne3+ Kd4
51.Nxf5+ Kc3 52.Ne4+ Kc2 53.Rf1 Ne1+ 54.Ke3 Kb2 55.Kd4 Nc2+ 56.Kc4 a4 57.Nf2 Bd2
58.Nd1+ Ka2 59.Nd6 Na3+ 60.Kd3 Bb4 61.Ne4 Kb3 62.Ne3 Rh8 63.Rf3 Nb5 64.Rf1 Rd8+
65.Ke2 Rd4 66.Nc5+ Bxc5 67.Rb1+ Kc3 68.Rxb5 Rd2+ 69.Kf3 Bd4 70.Nf5 Bf6 71.Rb6 Bd8
72.Ra6 Kb4 73.Ke3 Rd7 74.Nd4 Bc7 75.f5 Rd6 76.Rxd6 Bxd6 77.Kd3 Kc5 78.f6 Kd5
79.Nb5 Ke6 80.Nxd6 Kxd6  1/2-1/2

[Event "Gausdal Classics GMB"]
[Site "Gausdal NOR"]
[Date "2008.04.13"]
[Round "6"]
[White "Rotstein,A"]
[Black "Collins,S IRL"]
[Result "0-1"]
[WhiteElo "2528"]
[BlackElo "2421"]

1.d4 Nf6 2.c4 e6 3.g3 d5 4.Bg2 Be7 5.Nf3 O-O 6.Qc2 c5 7.dxc5 Bxc5 8.O-O dxc4
9.Na3 Nc6 10.Nxc4 Qe7 11.a3 e5 12.e3 a5 13.Bd2 Bg4 14.Bc3 Nd7 15.Rac1 f6
16.Nh4 Qf7 17.Nd2 a4 18.Nf5 Qh5 19.Bd5+ Kh8 20.Be4 Ba7 21.Bb4 Nxb4 22.axb4 Nb6
23.Nd6 f5 24.Bxb7 Rad8 25.Nb5 Bb8 26.Nc3 e4 27.f3 exf3 28.Nxf3 Nc4 29.Rce1 Ba7
30.Nd1 Nd6 31.Bc6 f4 32.gxf4 Rxf4 33.Qg2 Bh3 34.Qe2  0-1

[Event "IX EICC"]
[Site "Plovdiv BUL"]
[Date "2008.04.22"]
[Round "2"]
[White "Naumann,A"]
[Black "Zelcic,R"]
[Result "0-1"]
[WhiteElo "2523"]
[BlackElo "2591"]

1.d4 Nf6 2.c4 e6 3.g3 d5 4.Nf3 Be7 5.Bg2 O-O 6.O-O dxc4 7.Qc2 a6 8.Qxc4 b5
9.Qc2 Bb7 10.Bg5 Nbd7 11.Bxf6 Nxf6 12.Nbd2 Rc8 13.Nb3 Be4 14.Qc3 Nd5 15.Qa5 c5
16.Qxa6 Nc7 17.Qa5 Bxf3 18.Bxf3 c4 19.Nd2 Qxd4 20.Bb7 Rcd8 21.Rfd1 Nd5 22.Qxb5 Ne3
23.fxe3 Qxe3+ 24.Kh1 Rxd2 25.Rxd2 Qxd2 26.Bf3 Qc2 27.a4 Bf6 28.a5 Bxb2 29.Rf1 Bd4
30.a6 Qa2 31.Rc1 c3 32.Qd3 e5 33.Bb7 g6 34.Qc2 Qa3 35.Rd1 Kg7 36.Rd3 Qa1+
37.Rd1 Qa5 38.Rd3 Qb6 39.Qc1 Qb5 40.Qc2 Rd8 41.Rd1 h5 42.Kg2 Qa5 43.Qb3 Rd6
44.Rf1 Qc7 45.Bd5 c2 46.Qb7 Rd7 47.Bc6 Re7 48.Rc1 Qd6 49.Qb5 Be3 50.Rxc2 Qd1
51.Qd3 Qg1+ 52.Kh3 g5  0-1

[Event "IX EICC"]
[Site "Plovdiv BUL"]
[Date "2008.04.24"]
[Round "4"]
[White "Pelletier,Y"]
[Black "Wells,P"]
[Result "1/2-1/2"]
[WhiteElo "2607"]
[BlackElo "2521"]

1.d4 Nf6 2.c4 e6 3.Nf3 d5 4.g3 Be7 5.Bg2 O-O 6.O-O dxc4 7.Qc2 a6 8.Qxc4 b5
9.Qc2 Bb7 10.Bd2 Be4 11.Qc1 Nbd7 12.Ba5 Rc8 13.Nbd2 Ba8 14.Qc2 Qe8 15.b4 Nb8
16.Ne5 Bxg2 17.Kxg2 Bd6 18.Rac1 Nd5 19.Nd3 f5 20.e3 Qh5 21.Qd1 Qe8 22.Nb3 Nc6
23.a3 g5 24.Kg1 Rf6 25.Qd2 Rh6 26.f4 gxf4 27.exf4 Bf8 28.Rfe1 Nxa5 29.Nxa5 Nf6
30.Qg2 Ng4 31.h3 Nf6 32.Qc6 Rxh3 33.Qxe8 Rxe8 34.Kg2 Rh6 35.Rxc7 Ng4 36.Re2 Rh2+
37.Kf3 Rh1 38.Ne1 h5 39.Kg2 Rh2+ 40.Kf3 Rh1 41.Kg2 Rh2+ 42.Kf3 Rh1  1/2-1/2

[Event "XXI Open"]
[Site "Benidorm ESP"]
[Date "2008.04.26"]
[Round "2"]
[White "Cori T.,D"]
[Black "Andersson,U"]
[Result "0-1"]
[WhiteElo "2208"]
[BlackElo "2537"]

1.d4 Nf6 2.Nf3 d5 3.c4 e6 4.g3 Be7 5.Bg2 O-O 6.O-O dxc4 7.Qc2 a6 8.Qxc4 b5
9.Qc2 Bb7 10.Bd2 Be4 11.Qc1 Qc8 12.Nc3 Bb7 13.Qc2 Nbd7 14.Rac1 c5 15.dxc5 Nxc5
16.Qb1 Qe8 17.Ne5 Bxg2 18.Kxg2 Qb8 19.Nf3 Qb7 20.Bf4 Rac8 21.Kg1 h6 22.Nd1 Nce4
23.Ne3 Bc5 24.b4 Bb6 25.Qb2 Rxc1 26.Rxc1 Nxf2 27.Kxf2 Ng4+ 28.Ke1 Bxe3 29.Bxe3 Nxe3
30.Rc5 Rd8 31.h3 Qe4 32.Rc1 Nc4 33.Qc3 e5 34.Kf2 Qd5 35.Ke1 Ra8 36.Ng1 Qd8  0-1

[Event "26th Metz Open"]
[Site "Metz St Symphorien FRA"]
[Date "2008.04.26"]
[Round "8"]
[White "Stephanus,J"]
[Black "Laufer,Th"]
[Result "1-0"]
[WhiteElo "1991"]
[BlackElo "2020"]

1.Nf3 Nf6 2.c4 e6 3.g3 d5 4.Bg2 Be7 5.d4 O-O 6.Qc2 Nbd7 7.cxd5 exd5 8.Bf4 c6
9.Nc3 a6 10.O-O Re8 11.Ne5 Nxe5 12.Bxe5 Ng4 13.Bf4 Bg5 14.Bxg5 Qxg5 15.e4 dxe4
16.Nxe4 Qg6 17.h3 Bf5 18.Rfe1 Nf6 19.Nxf6+ Qxf6 20.Rxe8+ Rxe8 21.Qd2 Qe6
22.g4 Bg6 23.g5 Bf5 24.Qb4 Qe7 25.Qxe7 Rxe7 26.d5 cxd5 27.Bxd5 Rc7 28.f4 Bd3
29.Rd1 Bb5 30.Bxb7 Kf8 31.Bd5 Rc2 32.Bb3 Rxb2 33.Rd8+ Ke7 34.Rb8 Rd2 35.a4 Bc6
36.Rb6 Bd7 37.Rxa6 Rd3 38.Bc4 Rd4 39.Bb5 Rxf4 40.Ra7 Rd4 41.Kf2 Kd8 42.Ke3 Rd1
43.Rxd7+ Rxd7 44.Bxd7 Kxd7 45.Kd4 f6 46.Kd5 f5 47.a5 h5 48.gxh6 gxh6 49.h4 f4
50.Ke4 Ke6 51.Kxf4  1-0

[Event "IX EICC"]
[Site "Plovdiv BUL"]
[Date "2008.04.26"]
[Round "6"]
[White "Dorfanis,I"]
[Black "Kostopoulos,E"]
[Result "1-0"]
[WhiteElo "2207"]
[BlackElo "2152"]

1.d4 d5 2.Nf3 Nf6 3.c4 e6 4.g3 Be7 5.Bg2 O-O 6.O-O dxc4 7.Qc2 a6 8.a4 Bd7
9.Qxc4 Bc6 10.Bg5 Bd5 11.Qd3 Be4 12.Qe3 Nbd7 13.Nc3 Bxf3 14.Qxf3 c6 15.e4 e5
16.dxe5 Nxe5 17.Qf5 Nfd7 18.Bf4 g6 19.Qh3 Qb6 20.g4 g5 21.a5 Qb3 22.Bxe5 Nxe5
23.Nd5  1-0

[Event "3rd Open"]
[Site "Angers FRA"]
[Date "2008.04.27"]
[Round "6"]
[White "Doncea,V"]
[Black "Serafimov,Di"]
[Result "1-0"]
[WhiteElo "2441"]
[BlackElo "2190"]

1.d4 d5 2.Nf3 Nf6 3.c4 e6 4.g3 Be7 5.Bg2 O-O 6.Qc2 b6 7.cxd5 exd5 8.O-O Bb7
9.Rd1 h6 10.Ne5 Re8 11.Nc3 c5 12.Bf4 Na6 13.dxc5 Nxc5 14.b4 Ne6 15.Qb3 Qd6
16.a3 Nxf4 17.gxf4 Rad8 18.Rac1 a6 19.e3 Bf8 20.Rd4 Rxe5 21.fxe5 Qxe5 22.Rcd1 Bd6
23.Nxd5 Qxh2+ 24.Kf1 Kh8 25.e4 Bxd5 26.exd5 Re8 27.Qh3 Qe5 28.Kg1 Qg5 29.Qh4 Qg6
30.Kf1 Re5 31.Rc4 Rh5 32.Qd4 Rg5 33.Bf3 Qf5 34.Ke2 Qh3 35.Rh1 Qf5 36.Rc6 Be5
37.Qd3 Qd7 38.Qxa6 Qe7 39.Rc8+ Kh7 40.Qd3+ g6 41.Qe3 Nh5 42.Bxh5 gxh5 43.Rc6 Qd7
44.Qe4+ Kg7 45.Rcc1 Qb5+ 46.Qd3 Qe8 47.Rc4 Bf6+ 48.Re4 Qd7 49.d6 Be5 50.Rd1 Bf6
51.Rc1 Bd8 52.Rcc4 Rg6 53.Rcd4 h4 54.Qf3 Bg5 55.Rd3 b5 56.Red4 Re6+ 57.Kf1 Rg6
58.Qh3 f5 59.Rd5 Rf6 60.Rd1 Kg6 61.Qd3 Rf7 62.Qxb5 Qe6 63.d7 f4 64.Rd6  1-0

[Event "XXI Open"]
[Site "Benidorm ESP"]
[Date "2008.04.27"]
[Round "3"]
[White "Mikhalevski,V"]
[Black "Lauber,A"]
[Result "1/2-1/2"]
[WhiteElo "2597"]
[BlackElo "2434"]

1.d4 Nf6 2.c4 e6 3.g3 d5 4.Nf3 Be7 5.Bg2 c5 6.cxd5 exd5 7.O-O Nc6 8.Nc3 O-O
9.dxc5 Bxc5 10.Na4 Be7 11.Be3 Re8 12.Rc1 Bg4 13.h3 Be6 14.Nd4 Nxd4 15.Bxd4 Ne4
16.Nc3 Rc8 17.Qd3 Nxc3 18.Rxc3 Qd7 19.Rfc1 b6 20.g4 Rxc3 21.Qxc3 Qa4 22.Qc6 Qxc6
23.Rxc6 Rb8 24.Rc7 Bc5 25.e3 Bxd4 26.exd4 a5 27.f4 f6 28.Kf2 Kf8 29.Bf1 Rc8
30.Rc3 Rxc3 31.bxc3 g5 32.f5 Bd7 33.Bg2 Bc6 34.Ke3 b5 35.a4 b4 36.cxb4 Ke8  1/2-1/2

[Event "IX EICC"]
[Site "Plovdiv BUL"]
[Date "2008.04.27"]
[Round "7"]
[White "Ivanisevic,I"]
[Black "Iljin,A"]
[Result "1/2-1/2"]
[WhiteElo "2649"]
[BlackElo "2556"]

1.d4 Nf6 2.Nf3 e6 3.c4 d5 4.g3 Be7 5.Bg2 O-O 6.O-O dxc4 7.Qc2 a6 8.Qxc4 b5
9.Qc2 Bb7 10.Bd2 Be4 11.Qc1 Bb7 12.Bf4 Nd5 13.Nc3 Nxf4 14.Qxf4 Nd7 15.Rfd1 Bd6
16.Qe3 Nb6 17.Ne5 Bxg2 18.Kxg2 f5 19.Rac1 Qf6 20.f4 b4 21.Nb1 g5 22.Nd2 gxf4
23.gxf4 Nd5 24.Qf2 Kh8 25.Kh1 Qh6 26.e3 Qh5 27.Nf1 Rf6 28.Ng3 Qh3 29.Nf3 h6
30.Rg1 Rg6 31.Qf1 Qxf1 32.Nxf1 Rxg1+ 33.Kxg1 a5 34.N3d2 a4 35.Nc4 a3 36.b3 Nc3
37.Rc2 Be7 38.Nfd2 c5 39.Nf3 Rc8 40.Kf2 Bf6 41.Nd6 Rc6 42.Ne5 Bxe5 43.dxe5 Rc7
44.e4 c4 45.bxc4 fxe4 46.Ke3 Ra7 47.Nb5 Nxb5 48.cxb5 b3 49.Rc8+ Kg7 50.b6 b2
51.bxa7 b1=Q 52.a8=Q  1/2-1/2

[Event "IX EICC"]
[Site "Plovdiv BUL"]
[Date "2008.04.29"]
[Round "8"]
[White "Moiseenko,A1"]
[Black "Werle,J"]
[Result "1/2-1/2"]
[WhiteElo "2650"]
[BlackElo "2581"]

1.d4 Nf6 2.c4 e6 3.g3 d5 4.Bg2 Be7 5.Nf3 O-O 6.Qc2 c5 7.dxc5 Qa5+ 8.Nc3 dxc4
9.O-O Na6 10.Ne4 Nxc5 11.Nxf6+ Bxf6 12.Bg5 Nd7 13.Bxf6 Nxf6 14.Nd2 c3 15.Nc4 Qb4
16.b3 Nd5 17.Rfc1 Bd7 18.Ne5 Qd6 19.Nxd7 Qxd7 20.Bxd5 Qxd5 21.Qxc3 Rfd8 22.Qe3 b6
23.Rc7 Rd7 24.Rac1 Rad8 25.Qf4 h6 26.e4 Qg5 27.Qxg5  1/2-1/2

[Event "IX EICC"]
[Site "Plovdiv BUL"]
[Date "2008.04.29"]
[Round "8"]
[White "Arnaudov,G"]
[Black "Goumas,G"]
[Result "0-1"]
[WhiteElo "2369"]
[BlackElo "2234"]

1.Nf3 Nf6 2.c4 e6 3.d4 d5 4.g3 Be7 5.Bg2 O-O 6.O-O dxc4 7.Ne5 Nbd7 8.Nxc4 c5
9.Nc3 Nb6 10.Nxb6 axb6 11.e3 Ra5 12.Qd3 Qc7 13.Bd2 Bd7 14.d5 c4 15.Qd4 e5
16.Qh4 Bf5 17.Rfd1 Ng4 18.Qh3 Nxe3 19.g4 Nxd1 20.Nxd1 Bg6 21.Bxa5 bxa5 22.Rc1 Bg5
23.Ne3 b5 24.a4 Qc5 25.Rc3 Bd3 26.axb5 Qxb5 27.Nd1 e4 28.d6 Qa4 29.Ne3 Qa1+
30.Nf1 Qxb2 31.Bxe4 Bxe4 32.Rxc4 Bb7 33.d7 Qb5 34.Qd3 Ba6 35.Nd2 Qb2 36.Qd4 Qxd2  0-1

[Event "4NCL 2007-8"]
[Site "Sunningdale ENG"]
[Date "2008.05.05"]
[Round "11"]
[White "Cernousek,L"]
[Black "Turner,Ma"]
[Result "0-1"]
[WhiteElo "2435"]
[BlackElo "2486"]

1.d4 Nf6 2.c4 e6 3.g3 d5 4.Nf3 Be7 5.Bg2 O-O 6.O-O dxc4 7.Ne5 Nc6 8.Nxc6 bxc6
9.e3 Nd5 10.Qa4 Nb6 11.Qc2 Rb8 12.Rd1 Bd7 13.Nd2 c5 14.dxc5 Bxc5 15.Nxc4 Nxc4
16.Qxc4 Bd6 17.Qa6 Qe8 18.Qxa7 Bc6 19.e4 f5 20.Qe3 f4 21.gxf4 Bxf4 22.Qe2 Be5
23.Qg4 Rf6 24.Qh4 Rg6 25.f3 Bxb2  0-1

[Event "FSIM May"]
[Site "Budapest HUN"]
[Date "2008.05.11"]
[Round "9"]
[White "Tate,A"]
[Black "Liu Qingnan"]
[Result "0-1"]
[WhiteElo "2167"]
[BlackElo "2344"]

1.Nf3 d5 2.d4 Nf6 3.c4 e6 4.g3 Be7 5.Bg2 O-O 6.O-O Nbd7 7.Nc3 dxc4 8.e4 c5
9.Qe2 cxd4 10.Nxd4 Ne5 11.Rd1 Nd3 12.Be3 e5 13.Nf5 Bb4 14.g4 Bxc3 15.bxc3 g6
16.Nh6+ Kg7 17.Qf3 Qc7 18.Kh1 Bd7 19.Bg5 Nxe4 20.Bh4 Bc6 21.Nf5+ gxf5 22.Qxf5 Qc8
23.Bf6+ Kg8 24.Qh5 Nexf2+ 25.Kg1 Qxg4  0-1

[Event "Kaupthing Open"]
[Site "Differdange LUX"]
[Date "2008.05.11"]
[Round "3"]
[White "Nebolsina,V"]
[Black "Bishop,P"]
[Result "1-0"]
[WhiteElo "2345"]
[BlackElo "1855"]

1.d4 Nf6 2.Nf3 e6 3.c4 Be7 4.g3 d5 5.Bg2 c6 6.O-O Nbd7 7.Qc2 b5 8.cxb5 cxb5
9.a4 b4 10.a5 Ba6 11.Bf4 Rc8 12.Qd1 Nf8 13.Ne5 Bb5 14.Nd3 Ng6 15.Bd2 Rc4
16.Be3 Ng4 17.Nd2 Nxe3 18.fxe3 Rc8 19.Nb3 a6 20.Nbc5 O-O 21.Qd2 Bxd3 22.Nxd3 Rc4
23.Ra4 Qb8 24.Rc1 Rxc1+ 25.Nxc1 Rc8 26.b3 h5 27.Na2 h4 28.g4 Qb5 29.e4 h3
30.Bf3 dxe4 31.Bxe4 Qg5 32.Qxg5 Bxg5 33.Kf2 Bf4 34.Nxb4 Bxh2 35.Nxa6 Rc3
36.Bf3 Rxb3 37.Nc5  1-0

[Event "11th IHEM"]
[Site "Hamburg GER"]
[Date "2008.05.11"]
[Round "2"]
[White "Bach,Mat"]
[Black "Kroencke,M"]
[Result "1-0"]
[WhiteElo "2263"]
[BlackElo "2174"]

1.d4 d5 2.c4 e6 3.Nf3 Nf6 4.g3 Be7 5.Bg2 O-O 6.O-O Nbd7 7.Nc3 c6 8.Qd3 b6
9.Rd1 Ba6 10.b3 Rc8 11.e4 dxe4 12.Nxe4 Nxe4 13.Qxe4 b5 14.Be3 bxc4 15.Ne5 Nxe5
16.dxe5 Qc7 17.bxc4 c5 18.Rab1 Rfd8 19.Qc2 Rxd1+ 20.Rxd1 Bb7 21.Bxb7 Qxb7
22.Qa4 Qf3 23.Qd7 Rb8 24.Rc1 Qb7 25.Qxb7 Rxb7 26.Rc3 f6 27.exf6 gxf6 28.Ra3 Kf7
29.Kf1 Kg6 30.Ra5 Rc7 31.a4 Kf5 32.Rb5 e5 33.Ke2 Ke6 34.Kd3 f5 35.f3 Kd6
36.g4 Ke6 37.h3 Rd7+ 38.Ke2 Rc7 39.a5 f4 40.Bd2 Kd6 41.Kd3 Rd7 42.Bc3 Kc6+
43.Ke4 Bd6 44.Rb2 Re7 45.Rd2 a6 46.Rd5 Bc7 47.h4 Re8 48.g5 Rg8 49.Bxe5  1-0

[Event "III President's Cup"]
[Site "Baku AZE"]
[Date "2008.05.12"]
[Round "1"]
[White "Ibrahimov,R"]
[Black "Abdulllaev,S"]
[Result "1-0"]
[WhiteElo "2535"]
[BlackElo "2041"]

1.Nf3 d5 2.d4 Nf6 3.c4 e6 4.g3 Be7 5.Bg2 O-O 6.O-O c5 7.cxd5 Nxd5 8.e4 Nf6
9.Nc3 cxd4 10.Nxd4 Nc6 11.Nxc6 bxc6 12.Qc2 Qa5 13.Bd2 Qh5 14.Na4 Ba6 15.Rfe1 Rad8
16.f3 Bd3 17.Qc1 Nd7 18.Be3 Bb4 19.Nc3 f5 20.exf5 exf5 21.a3 Ba5 22.b4 Bc7
23.f4 Nf6 24.Bxa7 g5 25.Re7 Bd6 26.Bc5 gxf4 27.Bxd6 Rxd6 28.Qxf4 Rfd8 29.Rae1 Qg6
30.R7e6 Rxe6 31.Rxe6 Rf8 32.Bxc6 Kf7 33.Rd6 Bc2 34.Nd5 Kg7 35.Nxf6 Rxf6 36.Qe5  1-0

[Event "Mayors Cup Open"]
[Site "Mumbai IND"]
[Date "2008.05.12"]
[Round "2"]
[White "Ram,S"]
[Black "Eswar,R"]
[Result "1-0"]
[WhiteElo "2299"]
[BlackElo "1986"]

1.Nf3 Nf6 2.c4 e6 3.g3 d5 4.d4 Be7 5.Bg2 O-O 6.O-O dxc4 7.Qa4 a6 8.Qxc4 b5
9.Qc2 Bb7 10.Bf4 Nd5 11.Nc3 Nxf4 12.gxf4 Nd7 13.Rfd1 Rc8 14.a3 Bxf3 15.Bxf3 c5
16.d5 Rb8 17.dxe6 fxe6 18.Bc6 Rxf4 19.Bxd7 Rg4+ 20.Kh1 Qb6 21.Nd5 exd5 22.Bxg4 Qh6
23.Rxd5 Bd6 24.Rh5  1-0

[Event "Kaupthing Open"]
[Site "Differdange LUX"]
[Date "2008.05.13"]
[Round "5"]
[White "Zienkiewicz,A"]
[Black "Urbaniak,P"]
[Result "1-0"]
[WhiteElo "2070"]
[BlackElo "2005"]

1.d4 d5 2.c4 e6 3.Nf3 Nf6 4.g3 Be7 5.Bg2 O-O 6.O-O c6 7.b3 Nbd7 8.Bb2 b6
9.Qc2 Bb7 10.Nbd2 Rc8 11.e4 dxe4 12.Nxe4 c5 13.Nxf6+ Nxf6 14.dxc5 Rxc5 15.Rad1 Qc7
16.Bd4 Rf5 17.Qe2 Bc6 18.Nh4 Ra5 19.Bc3 Ra3 20.Be5 Qb7 21.Qb2 Bxg2 22.Nxg2 Qa6
23.Rd2 Bb4 24.Re2 Be7 25.Rd1 Rc8 26.h4 Ra5 27.a4 Rac5 28.Red2 Qb7 29.Ne3 Qe4
30.Bc3 Nh5 31.Ng2 g5 32.Rd4 Qf3 33.R1d3 Qf5 34.g4 Qg6 35.gxh5 Qxh5 36.Bb4 gxh4
37.Bxc5 bxc5 38.Rd7 Bg5 39.Qe5 h3 40.Rd8+  1-0